000 00887nas a2200289 4500
001 BR8006328
003 BR-BrBNA
005 20231205084417.0
007 ta
008 230509b bl.|||p| |||| 00| 00por d
040 _aBR-BrBNA
_bpor
_cBiblioteca Nacional de Agricultura
041 _a(Pt)
072 _aL10
100 1 _aCunha, P.G. da
100 1 _aBeolchi, E.A.
245 1 _aConsideracoes sobre a idade a primeira cria e intervalo entre partos de vacas da raca canchim na Regiao de Sao Jose do Rio Preto, Sao Paulo [Brasil]
650 _aVACA
650 _aRACA
650 _aGADO CANCHIM
650 _aPRIMEIRA CRIA
650 _aPARTO
650 _aSAO JOSE DO RIO PRETO
650 _aSAO PAULO
773 0 _tZootecnia (Brazil)
_xISSN 0044-5320
_g(Jan-Mar 1980), v. 18(1) p. 23-44
_wBR8006328
909 _a202311
_bLúcia
_c55
_dLúcia Elande
942 _2AGRIS
_n0
_cANA
999 _c105042
_d105042